00318nam a2200121Ia 4500008004100000041000800041082001400049100001900063245003900082260003800121300003000159365000700189240624s9999 xx 000 0 und d aeng a153.8 SCH aSCHWARTZ BARRY aPARADOX OF CHOICE WHY MORE IS LESS c2005aNew DelhibHarper Perennial axi, : 265 : p. : cm. ; 21 cRS